000 00457nam a2200181Ia 4500
005 20240823011916.0
008 240823s9999||||xx |||||||||||||| ||und||
041 _aENGLISH
082 _A005.82 P2
100 _aRanjan Bose
245 0 _aInformation Theory Coding and Cryptography
250 _a1st
260 _c2002
_b"MGH,New Delhi"
500 _aTRANSFERED
650 _aComputer Science
_bInformation Technology
942 _cBK
999 _c162889
_d162889